Pizza By Picture - Statistics

General Stats
  • This quiz has been taken 60 times
  • The average score is 2 of 8
Answer Stats
Picture Answer % Correct
Pepperoni
81%
Margherita
59%
Detroit
28%
Neapolitan
28%
Sicilian
17%
New Haven
12%
New York-style
5%
Greek
2%
No matching quizzes found
Score Distribution
Percent of People with Each Score
Percentile by Number Answered
Your Score History
You have not taken this quiz